[Event "Saint Paul 83/(87)"]
[Site "?"]
[Date "2000.??.??"]
[Round "?"]
[White "Adler, V."]
[Black "Yermolinsky, A."]
[Result "1/2-1/2"]
[WhiteElo "2425"]
[BlackElo "2596"]
[PlyCount "47"]
[EventDate "2000.??.??"]
[Source "Chess Informant"]
[SourceDate "2001.10.01"]

1. e4 c6 2. d4 d5 3. exd5 cxd5 4. Bd3 Nc6 5. c3 Nf6 6. Bf4 Bg4 7. Qb3 Qd7 8. Nd2 e6 9. Ngf3 Bxf3 10. Nxf3 Bd6 11. Be5 Ne4 12. Bxd6 Nxd6 13. Ne5 Qc7 14. O-O O-O 15. Rae1 Nxe5 16. Rxe5 b5 17. f4 g6 18. g4 Nc4 19. Bxc4 bxc4 20. Qc2 Rab8 21. f5 exf5 22. gxf5 Rfe8 23. fxg6 hxg6 24. Rxd5 1/2-1/2

[Event "Russia 85/83"]
[Site "?"]
[Date "2002.??.??"]
[Round "?"]
[White "Semeniuk, Al"]
[Black "Yevseev, D."]
[Result "1/2-1/2"]
[WhiteElo "2464"]
[BlackElo "2548"]
[PlyCount "94"]
[EventDate "2002.??.??"]
[Source "Chess Informant"]
[SourceDate "2002.06.01"]

1. e4 c6 2. d4 d5 3. exd5 cxd5 4. Bd3 Nc6 5. c3 Nf6 6. Bf4 Bg4 7. Qb3 Qd7 8. Nd2 e6 9. Ngf3 Bxf3 10. Nxf3 Bd6 11. Bxd6 Qxd6 12. O-O O-O 13. Rae1 Qc7 14. Qc2 Rfc8 15. Qe2 Rab8 16. Kh1 Re8 17. Ne5 Nxe5 18. dxe5 Nd7 19. f4 Nc5 20. Bb1 b5 21. Rf3 g6 22. Qd2 a5 23. Rh3 Nd7 24. Bc2 Nf8 25. Rd3 Rec8 26. f5 exf5 27. Rxd5 b4 28. Bb3 bxc3 29. Qxc3 Qxc3 30. bxc3 Rxc3 31. Rxa5 Rb7 32. Kg1 Kg7 33. Rd1 Re7 34. Kf2 g5 35. Rd2 Ng6 36. Rdd5 Nf4 37. Rdb5 Rd7 38. g3 Nh3+ 39. Ke2 Ng1+ 40. Kf1 Rd2 41. Rc5 Rxc5 42. Rxc5 Nf3 43. h3 g4 44. hxg4 fxg4 45. e6 fxe6 46. Bxe6 Nh2+ 47. Ke1 Nf3+ 1/2-1/2

[Event "RUS-Cup03"]
[Site "Tomsk"]
[Date "2002.07.14"]
[Round "7"]
[White "Pridorozhni, Aleksei"]
[Black "Ovetchkin, Roman"]
[Result "0-1"]
[WhiteElo "2453"]
[BlackElo "2557"]
[PlyCount "78"]
[EventDate "2002.07.08"]
[Source "ChessBase"]
[SourceDate "2002.09.11"]

1. e4 c6 2. d4 d5 3. exd5 cxd5 4. Bd3 Nc6 5. c3 Nf6 6. Bf4 Bg4 7. Qb3 Qd7 8. Nd2 e6 9. Ngf3 Bd6 10. Bxd6 Qxd6 11. O-O O-O 12. Rfe1 Ne7 13. Ne5 Bf5 14. Bf1 Rab8 15. a4 a6 16. a5 b5 17. Qb4 Qd8 18. Nb3 Ra8 19. f3 Ne8 20. Nc5 Ra7 21. g4 Bg6 22. Nxa6 Rxa6 23. Bxb5 Ra7 24. a6 Qb6 25. Bf1 Qxb4 26. cxb4 Nd6 27. b5 Rb8 28. Ra5 Kf8 29. Rc1 Ke8 30. Ra3 f6 31. Rc6 Nxb5 32. Rb3 fxe5 33. Rxe6 Kf7 34. Rxe5 Rxa6 35. Bxb5 Rab6 36. Rbe3 R8b7 37. Bf1 Rxb2 38. f4 Be4 39. f5 Rd2 0-1

[Event "Karlovac"]
[Site "?"]
[Date "1979.??.??"]
[Round "10"]
[White "Kurajica Bojan"]
[Black "Vadasz Laszlo"]
[Result "1/2-1/2"]
[WhiteElo "2515"]
[BlackElo "2490"]
[PlyCount "26"]
[EventDate "1979.??.??"]
[Source "www.chesslib.no"]
[SourceDate "2004.05.04"]

1. e4 c6 2. d4 d5 3. exd5 cxd5 4. c3 Nf6 5. Bf4 Nc6 6. Bd3 Bg4 7. Qb3 Qc8 8. Nd2 e6 9. Ngf3 Bxf3 10. Nxf3 Be7 11. O-O O-O 12. Ne5 Bd6 13. Nxc6 Qxc6 1/2-1/2

[Event "AUS-ch m"]
[Site "?"]
[Date "1998.06.23"]
[Round "2"]
[White "Solomon Stephen J"]
[Black "Rogers Ian"]
[Result "0-1"]
[WhiteElo "2435"]
[BlackElo "2570"]
[PlyCount "120"]
[EventDate "1998.??.??"]
[Source "www.chesslib.no"]
[SourceDate "2004.05.04"]

1. e4 c6 2. d4 d5 3. exd5 cxd5 4. c3 Nc6 5. Bf4 Nf6 6. Bd3 g6 7. Nf3 Bg7 8. O-O O-O 9. Re1 Bg4 10. h3 Bxf3 11. Qxf3 Qd7 12. Nd2 e6 13. g4 Ne8 14. Qg3 Rd8 15. Re2 f6 16. Rae1 e5 17. dxe5 fxe5 18. Bg5 Rc8 19. c4 Nd4 20. Rxe5 Bxe5 21. Qxe5 dxc4 22. Be4 Nc7 23. Be3 Nde6 24. Nxc4 b6 25. Nd6 Rcd8 26. Rd1 Qg7 27. f4 Qxe5 28. fxe5 Kg7 29. Rc1 Rd7 30. b4 Nf4 31. Kh2 Nfd5 32. Bd4 Ne6 33. Ba1 Nxb4 34. Rc4 Rf2+ 35. Kg3 Rxa2 36. Bc3 Ra3 37. Nb5 Rxc3+ 38. Nxc3 a5 39. h4 Nc5 40. Kf4 Rf7+ 41. Ke3 Re7 42. Kf4 h6 43. Nd5 Nxd5+ 44. Bxd5 Nd3+ 45. Kg3 Rxe5 46. Rc7+ Kf8 47. Rc8+ Ke7 48. Bg8 b5 49. Rc6 Kf8 50. Bh7 Re3+ 51. Kg2 Ne5 52. Rb6 Kg7 53. Rb7+ Nf7 54. h5 Kxh7 55. Rxf7+ Kg8 56. hxg6 a4 57. Ra7 a3 58. Kf2 Rb3 59. Ke2 b4 60. Kd2 Rg3 0-1

[Event "Olot"]
[Site "Olot"]
[Date "1972.??.??"]
[Round "?"]
[White "Pfleger, Helmut"]
[Black "Pomar Salamanca, Arturo"]
[Result "1/2-1/2"]
[WhiteElo "2545"]
[BlackElo "2460"]
[PlyCount "73"]
[EventDate "1972.??.??"]
[Source "www.chesslib.no"]
[SourceDate "2004.05.04"]

1. e4 c6 2. d4 d5 3. exd5 cxd5 4. Bd3 Nc6 5. c3 Nf6 6. Bf4 Bg4 7. Qb3 Qd7 8. Nd2 e6 9. Ngf3 Bxf3 10. Nxf3 Nh5 11. Bd2 Bd6 12. O-O Nf4 13. Bxf4 Bxf4 14. Rfe1 O-O 15. g3 Bd6 16. Re2 a6 17. Rae1 Rfe8 18. Qc2 h6 19. Qd2 Rad8 20. Bb1 Bf8 21. Qd3 g6 22. h4 f5 23. a4 Bg7 24. b4 Rc8 25. Ba2 Nd8 26. b5 axb5 27. axb5 Qc7 28. Bxd5 Qxc3 29. Qxc3 Rxc3 30. Kg2 Kf7 31. Ba2 Rc7 32. d5 Bc3 33. dxe6+ Kf6 34. Rd1 Nxe6 35. Kf1 Rce7 36. Rc2 Bb4 37. b6 1/2-1/2

[Event "World op"]
[Site "?"]
[Date "2000.07.01"]
[Round "3"]
[White "Perelshteyn Eugene"]
[Black "Atalik Suat"]
[Result "0-1"]
[WhiteElo "2429"]
[BlackElo "2575"]
[PlyCount "66"]
[EventDate "2000.??.??"]
[Source "www.chesslib.no"]
[SourceDate "2004.05.04"]

1. e4 c6 2. d4 d5 3. exd5 cxd5 4. Bd3 Nc6 5. c3 Nf6 6. Bf4 Bg4 7. Qb3 Qc8 8. Nd2 e6 9. Ngf3 Be7 10. O-O Bh5 11. Rae1 Bg6 12. Bxg6 hxg6 13. h3 O-O 14. Ne5 Nxe5 15. Bxe5 Qc6 16. Re3 b5 17. g4 a5 18. Qd1 b4 19. h4 a4 20. Nb1 Ne4 21. f3 Nd6 22. Bg3 Rfb8 23. Rf2 Rb6 24. Kg2 Nc4 25. Re1 Bd6 26. Bxd6 Qxd6 27. Qc1 Rc8 28. cxb4 Rxb4 29. Ree2 Qb6 30. Na3 Qxd4 31. Nc2 Qxb2 32. Qf4 Rbb8 33. Nd4 Qb6 0-1

[Event "New York Mayor's Cup"]
[Site "New York"]
[Date "2001.06.22"]
[Round "5"]
[White "Perelshteyn, Eugene"]
[Black "Yudasin, Leonid"]
[Result "0-1"]
[WhiteElo "2436"]
[BlackElo "2568"]
[PlyCount "72"]
[EventDate "2001.06.18"]
[Source "ChessBase"]
[SourceDate "2001.09.13"]

1. e4 c6 2. d4 d5 3. exd5 cxd5 4. Bd3 Nc6 5. c3 Nf6 6. Bf4 Bg4 7. Qb3 Na5 8. Qa4+ Bd7 9. Qc2 Qb6 10. Nf3 Bb5 11. Bxb5+ Qxb5 12. Na3 Qb6 13. O-O e6 14. Qa4+ Nc6 15. Nb5 Rc8 16. c4 dxc4 17. Ne5 Qa6 18. Qxc4 Nd5 19. Bg3 Be7 20. Qe2 O-O 21. Rfe1 Ncb4 22. Na3 Qxe2 23. Rxe2 Nxa2 24. Nc2 Nab4 25. Ne3 a6 26. h3 Rfd8 27. Rd1 f6 28. N5c4 Kf7 29. Na5 b6 30. Nac4 Rc6 31. Nxd5 Rxd5 32. Ne3 Rb5 33. Red2 Nd5 34. Kf1 Bf8 35. Ke2 Bb4 36. Rd3 Ba5 0-1

[Event "Biel"]
[Site "Biel SUI"]
[Date "1977.??.??"]
[Round "7"]
[White "Hug, Werner"]
[Black "Miles, Anthony J"]
[Result "1/2-1/2"]
[WhiteElo "2445"]
[BlackElo "2555"]
[PlyCount "39"]
[EventDate "1977.07.18"]
[Source "www.chesslib.no"]
[SourceDate "2004.05.04"]

1. e4 c6 2. d4 d5 3. exd5 cxd5 4. Bd3 Nc6 5. c3 Nf6 6. Bf4 Bg4 7. Qb3 Qc8 8. Nd2 e6 9. Ngf3 Be7 10. O-O Nh5 11. Be3 Bxf3 12. Nxf3 Bd6 13. Qd1 Nf4 14. Bxf4 Bxf4 15. Qe2 Qc7 16. Rfe1 O-O 17. Rad1 Rad8 18. Bb1 g6 19. g3 Bh6 20. Kg2 1/2-1/2

[Event "It (Open) Moscow RUS"]
[Site "?"]
[Date "2006.02.14"]
[Round "8"]
[White "Krapivin Alexander"]
[Black "Burmakin Vladimir"]
[Result "1/2-1/2"]
[WhiteElo "2458"]
[BlackElo "2541"]
[PlyCount "143"]
[EventDate "2006.??.??"]
[Source "www.chesslib.no"]
[SourceDate "2004.05.04"]

1. e4 c6 2. d4 d5 3. exd5 cxd5 4. Bd3 Nc6 5. c3 Nf6 6. Bf4 g6 7. Nf3 Bg7 8. O-O O-O 9. Nbd2 Bf5 10. Bxf5 gxf5 11. Ne5 Nxe5 12. Bxe5 e6 13. Nf3 Kh8 14. Qd3 Rc8 15. Rae1 a6 16. Ng5 h6 17. Nh3 Rg8 18. Nf4 Ne4 19. Bxg7+ Rxg7 20. f3 Nd6 21. Qe2 Qg5 22. Nd3 a5 23. Rf2 Re8 24. Qe3 Qxe3 25. Rxe3 Rc8 26. Re1 Rgg8 27. Ne5 Kg7 28. Rfe2 Kf6 29. Kf2 h5 30. a4 h4 31. Ra1 Nc4 32. Nxc4 Rxc4 33. Ra3 Rgc8 34. Ke3 R8c6 35. Kd3 Rc8 36. Rc2 f4 37. Ra1 R4c6 38. Rb1 b6 39. Rbc1 Rd6 40. Re1 Kf5 41. Re5+ Kg6 42. g3 hxg3 43. hxg3 fxg3 44. Rg2 b5 45. axb5 Rb6 46. Rxg3+ Kf6 47. Rg2 Rxb5 48. f4 Rcb8 49. Ree2 Kf5 50. Rg5+ Kf6 51. Rgg2 Kf5 52. Rh2 a4 53. Reg2 Kf6 54. f5 Ke7 55. fxe6 fxe6 56. Rh7+ Kd6 57. Rgg7 Rxb2 58. Rd7+ Kc6 59. Rc7+ Kb6 60. Rce7 Ka5 61. Ra7+ Kb6 62. Rae7 Ka5 63. Rxe6 Ra8 64. Ree7 Ra6 65. Rb7 Rb5 66. Rxb5+ Kxb5 67. Rb7+ Kc6 68. Rb1 Ra8 69. Kc2 Rh8 70. Rb4 Rh2+ 71. Kb1 a3 72. Ra4 1/2-1/2

[Event "Riga"]
[Site "Riga"]
[Date "1981.??.??"]
[Round "4"]
[White "Gipslis, Aivars"]
[Black "Bagirov, Vladimir"]
[Result "1/2-1/2"]
[WhiteElo "2490"]
[BlackElo "2505"]
[PlyCount "29"]
[EventDate "1981.08.??"]
[Source "ChessBase"]

1. e4 c6 2. d4 d5 3. exd5 cxd5 4. Bd3 Nc6 5. c3 Nf6 6. Bf4 Bg4 7. Qb3 Qd7 8. Nd2 e6 9. Ngf3 Bxf3 10. Nxf3 Bd6 11. Bxd6 Qxd6 12. O-O O-O 13. Rfe1 Rab8 14. a4 Rfc8 15. Ne5 1/2-1/2

[Event "Capablanca mem Elite 38th"]
[Site "Havana"]
[Date "2003.05.17"]
[Round "10"]
[White "Arencibia, Walter"]
[Black "Gonzalez, Yuri"]
[Result "1/2-1/2"]
[WhiteElo "2520"]
[BlackElo "2473"]
[PlyCount "20"]
[EventDate "2003.05.06"]
[Source "ChessBase"]
[SourceDate "2003.09.25"]

1. e4 c6 2. d4 d5 3. exd5 cxd5 4. Bd3 Nc6 5. c3 Nf6 6. Bf4 e6 7. Nd2 Bd6 8. Bxd6 Qxd6 9. Ngf3 O-O 10. O-O e5 1/2-1/2

[Event "7. Int. Neckar-Open (A)"]
[Site "MS Sicherheitstechnik"]
[Date "2003.04.19"]
[Round "4"]
[White "Renner, Christoph"]
[Black "Burmakin, Vladimir"]
[Result "1/2-1/2"]
[WhiteElo "2418"]
[BlackElo "2575"]
[PlyCount "137"]
[EventDate "2003.04.18"]
[Source "Roberto Alvarez"]
[SourceDate "2003.04.21"]

1. e4 c6 2. d4 d5 3. exd5 cxd5 4. Bd3 Nc6 5. c3 Nf6 6. Bf4 g6 7. Nf3 Bg7 8. O-O O-O 9. Nbd2 Bf5 10. Be2 Ne4 11. Re1 Nxd2 12. Qxd2 Qb6 13. Bh6 Rad8 14. Rad1 Rfe8 15. Bxg7 Kxg7 16. h4 h5 17. Ng5 Rd6 18. Bf1 Bg4 19. Be2 Bf5 20. Bf1 Qa5 21. a3 Qb6 22. Re3 f6 23. Nh3 e5 24. dxe5 Rxe5 25. Nf4 Rxe3 26. fxe3 Ne5 27. Be2 Qb3 28. c4 Nxc4 29. Bxc4 Qxc4 30. Rc1 Qe4 31. Rc7+ Rd7 32. Rxd7+ Bxd7 33. Nxd5 Be6 34. Nf4 Bf7 35. Qc3 Qe7 36. Qd4 a6 37. Kf2 Qc7 38. Nd3 Qc2+ 39. Kg1 Qc6 40. e4 Qe6 41. e5 fxe5 42. Nxe5 Qf6 43. Kh2 Be8 44. Kg3 Bb5 45. Qf4 Qxf4+ 46. Kxf4 Kf6 47. g4 hxg4 48. Nxg4+ Ke6 49. Kg5 Bd3 50. Ne3 Be4 51. Kf4 Bd3 52. Kg5 Be4 53. Nd1 Bc2 54. Nf2 Bf5 55. Kf4 Bc2 56. Ng4 a5 57. Ne3 Bd3 58. Kg5 b5 59. Ng2 Be4 60. Nf4+ Kf7 61. b4 axb4 62. axb4 Bc2 63. Nd5 Bd3 64. Nf4 Be4 65. Ne2 Bd3 66. Nd4 Kg7 67. Nf3 Be4 68. Ne5 Bc2 69. Nf3 1/2-1/2

[Event "Camp. mondiale femminile 2008"]
[Site "Nalchik RUS"]
[Date "2008.09.07"]
[Round "4.2"]
[White "Hou Yifan"]
[Black "Mkrtchian, L."]
[Result "1-0"]
[WhiteElo "2557"]
[BlackElo "2436"]
[PlyCount "75"]
[EventDate "2008.08.29"]
[Source "www.chesslib.no"]
[SourceDate "2004.05.04"]

1. e4 c6 2. d4 d5 3. exd5 cxd5 4. Bd3 Nc6 5. c3 Nf6 6. Bf4 Bg4 7. Qb3 Qc8 8. Nd2 e6 9. Ngf3 Be7 10. O-O Bh5 11. Ne5 Bg6 12. Nxg6 hxg6 13. h3 Nh5 14. Bh2 Bg5 15. f4 Be7 16. Nf3 Nf6 17. Rae1 Bd6 18. Ne5 Ne7 19. Qa4+ Kf8 20. Qc2 Bc7 21. Rf3 Nf5 22. g4 Nd6 23. Bxg6 fxg6 24. Nxg6+ Kf7 25. Nxh8+ Qxh8 26. f5 Re8 27. Bxd6 Bxd6 28. fxe6+ Rxe6 29. Rxe6 Kxe6 30. Qf5+ Ke7 31. g5 Ne8 32. Qc8 Qh5 33. Re3+ Kf8 34. Qf5+ Qf7 35. Qh7 Bh2+ 36. Kg2 Nd6 37. Qh8+ Qg8 38. Qxg8+ 1-0

[Event "Mitropa Cup 2008"]
[Site "Olbia ITA"]
[Date "2008.05.26"]
[Round "2.2"]
[White "Simacek, Pavel"]
[Black "Braun, Arik"]
[Result "1-0"]
[WhiteElo "2461"]
[BlackElo "2529"]
[PlyCount "129"]
[EventDate "2008.05.25"]
[Source "www.chesslib.no"]
[SourceDate "2004.05.04"]

1. e4 c6 2. d4 d5 3. exd5 cxd5 4. Bd3 Nc6 5. c3 Nf6 6. Bf4 Bg4 7. Qb3 Qc8 8. Nd2 e6 9. Ngf3 Be7 10. O-O Bh5 11. Rae1 O-O 12. Ne5 Nxe5 13. Bxe5 Bg6 14. Qc2 b5 15. Bxg6 hxg6 16. Qd3 Qc6 17. Bxf6 gxf6 18. h4 Kg7 19. h5 Rh8 20. hxg6 fxg6 21. f4 b4 22. Re3 bxc3 23. bxc3 Rac8 24. Rfe1 Bd8 25. Nf3 Kf7 26. g3 Bc7 27. Kg2 Qd6 28. Rf1 Kg7 29. Nh4 Rh6 30. Qe2 Kf7 31. Nf3 Rhh8 32. Qd3 Qd7 33. Nh4 Rh6 34. Nf3 Kg7 35. Qe2 Rhh8 36. Nh4 Rh6 37. f5 Rxh4 38. gxh4 Qd6 39. Kg1 gxf5 40. Rxf5 Kf7 41. Rf2 Rg8+ 42. Kf1 Ke7 43. Qf3 Rg6 44. h5 Rh6 45. Qg4 Kf7 46. Kg1 f5 47. Ref3 Qe7 48. Rg2 Qf6 49. Qg8+ Ke7 50. Qc8 Bd8 51. Rh3 f4 52. Qa6 Bb6 53. Qd3 Qh8 54. Rg6 Rxh5 55. Rxe6+ Kd7 56. Rxh5 Qxh5 57. Rg6 Kc7 58. Rg7+ Kb8 59. Kg2 Bc7 60. Qb5+ Bb6 61. Rg8+ Kb7 62. Qd7+ Ka6 63. Qg4 Qh7 64. Qe2+ Kb7 65. Rg5 1-0

[Event "ISR-chT"]
[Site "Israel"]
[Date "1996.??.??"]
[Round "8"]
[White "Uritzky, Maxim"]
[Black "Greenfeld, Alon"]
[Result "1/2-1/2"]
[WhiteElo "2430"]
[BlackElo "2560"]
[PlyCount "92"]
[EventDate "1996.??.??"]
[Source "ChessBase"]

1. e4 c6 2. d4 d5 3. exd5 cxd5 4. Bd3 Nc6 5. c3 Nf6 6. Bf4 Bg4 7. Qb3 Qc8 8. Nd2 e6 9. Ngf3 Be7 10. Ne5 Bh5 11. O-O Nd7 12. Rae1 Ndxe5 13. Bxe5 O-O 14. Qc2 Bg6 15. Bxg6 hxg6 16. Qd3 b5 17. Re3 b4 18. Rh3 bxc3 19. bxc3 Nxe5 20. dxe5 Rb8 21. Nb3 Qc4 22. Qe3 Qa6 23. Qd2 Rfc8 24. g4 Rc4 25. f4 Ra4 26. Rf2 Rxb3 27. axb3 Ra1+ 28. Kg2 Bc5 29. Rhf3 Bxf2 30. Rxf2 Rb1 31. f5 gxf5 32. Qg5 Qc8 33. gxf5 exf5 34. b4 g6 35. Rd2 Re1 36. Rxd5 Qc6 37. Qd8+ Kg7 38. Qd6 Qa8 39. Qf6+ Kg8 40. Qd8+ Qxd8 41. Rxd8+ Kg7 42. Rd7 a6 43. Ra7 Re2+ 44. Kg1 Re3 45. c4 Re4 46. c5 Rxb4 1/2-1/2

[Event "Wroclaw-A"]
[Site "Wroclaw POL"]
[Date "1980.??.??"]
[Round "4"]
[White "Nun, Jiri"]
[Black "Spiridonov, Nikola"]
[Result "1/2-1/2"]
[WhiteElo "2515"]
[BlackElo "2470"]
[PlyCount "79"]
[EventDate "1980.05.??"]
[Source "www.chesslib.no"]
[SourceDate "2004.05.04"]

1. e4 c6 2. d4 d5 3. exd5 cxd5 4. Bd3 Nc6 5. c3 Nf6 6. Bf4 Bg4 7. Qb3 Qc8 8. Nd2 e6 9. Ngf3 Be7 10. O-O O-O 11. Rfe1 Bh5 12. Ne5 Nxe5 13. Bxe5 a6 14. a4 Bg6 15. Bf1 Ne4 16. Nxe4 Bxe4 17. a5 Qd7 18. Bf4 Rfd8 19. Rac1 Rac8 20. Qa2 Rc6 21. b4 Rcc8 22. Qb2 Qa4 23. Be2 Bg6 24. Bf1 h6 25. Re3 Bd6 26. Bxd6 Rxd6 27. Be2 Rdd8 28. h4 Rc7 29. Rg3 Qd7 30. Qd2 Qd6 31. Re1 Rdc8 32. Bf1 Kh8 33. Rge3 Qd8 34. g3 Bf5 35. Rc1 Qf6 36. Rf3 Qg6 37. Re3 Be4 38. Kh2 Bf5 39. Kg1 Qh7 40. Bg2 1/2-1/2

[Event "Budapest"]
[Site "?"]
[Date "2006.08.05"]
[Round "12"]
[White "Ragger Markus"]
[Black "Braun Arik"]
[Result "1/2-1/2"]
[WhiteElo "2456"]
[BlackElo "2526"]
[PlyCount "35"]
[EventDate "2006.??.??"]
[Source "www.chesslib.no"]
[SourceDate "2004.05.04"]

1. e4 c6 2. d4 d5 3. exd5 cxd5 4. Bd3 Nc6 5. c3 Nf6 6. Bf4 Bg4 7. Qb3 Qc8 8. Nd2 e6 9. Ngf3 Be7 10. O-O O-O 11. Rfe1 Re8 12. Ne5 Nxe5 13. Bxe5 Nd7 14. Bf4 Bf6 15. a4 a6 16. h3 Bh5 17. a5 Nb8 18. Qb6 1/2-1/2

[Event "EuTCh"]
[Site "Plovdiv"]
[Date "2003.10.19"]
[Round "8"]
[White "Sepp, Olav"]
[Black "Zelcic, Robert"]
[Result "1-0"]
[WhiteElo "2429"]
[BlackElo "2552"]
[PlyCount "117"]
[EventDate "2003.10.10"]
[Source "Roberto Alvarez"]
[SourceDate "2003.10.20"]

1. e4 c6 2. d4 d5 3. exd5 cxd5 4. Bd3 Nc6 5. c3 Nf6 6. Bf4 g6 7. Nf3 Bg7 8. O-O O-O 9. Re1 Nh5 10. Bg5 Qc7 11. Bb5 Re8 12. Nbd2 Bd7 13. Nb3 b6 14. Rc1 Nd8 15. Bf1 Ne6 16. Be3 b5 17. g3 Red8 18. Ng5 Nf8 19. Qf3 f6 20. Nh3 Qc8 21. Qxd5+ Be6 22. Qg2 Bd5 23. f3 Qc6 24. Nd2 f5 25. b3 Qb6 26. Qf2 Bb7 27. d5 Qa5 28. c4 bxc4 29. bxc4 Qxa2 30. Rb1 Rd7 31. Nb3 Qxf2+ 32. Kxf2 Bc8 33. Red1 a5 34. Nc5 Rd8 35. Na4 Ba6 36. Bb6 Rdc8 37. c5 Bxf1 38. Kxf1 Be5 39. Re1 Bf6 40. g4 fxg4 41. fxg4 Ng7 42. g5 Bd4 43. c6 Nf5 44. Bxd4 Nxd4 45. Nb6 Nf5 46. Nxc8 Rxc8 47. Nf4 a4 48. Ra1 Ra8 49. c7 Rc8 50. Rxa4 Rxc7 51. Ra8 Ng7 52. Kg1 Rd7 53. Ne6 Ngxe6 54. dxe6 Rd5 55. h4 Rf5 56. Re8 h6 57. gxh6 Kh7 58. Rxe7+ Kxh6 59. Rc7 1-0

[Event "Sarajevo"]
[Site "Sarajevo BIH"]
[Date "1971.??.??"]
[Round "14"]
[White "Matulovic, Milan"]
[Black "Vukic, Milan"]
[Result "1-0"]
[WhiteElo "2550"]
[BlackElo "2430"]
[PlyCount "115"]
[EventDate "1971.??.??"]
[Source "www.chesslib.no"]
[SourceDate "2004.05.04"]

1. e4 c6 2. d4 d5 3. exd5 cxd5 4. c3 Nc6 5. Bf4 Nf6 6. Bd3 Bg4 7. Qb3 Qc8 8. Nd2 e6 9. Ngf3 Be7 10. Ne5 Nxe5 11. Bxe5 O-O 12. Qc2 Bf5 13. Bxf5 exf5 14. O-O g6 15. Rfe1 Qc6 16. Re2 Ne4 17. Nb3 a5 18. a4 b6 19. Nc1 Rfe8 20. f3 Nd6 21. Nd3 f6 22. Bg3 Bf8 23. Rae1 Rxe2 24. Rxe2 Re8 25. h4 Kf7 26. Kf2 Rxe2+ 27. Qxe2 Nc4 28. b3 Na3 29. Qe5 Qxc3 30. Qxd5+ Kg7 31. Nf4 Nc2 32. Ne6+ Kh8 33. Kg1 Qc8 34. Qc4 Qxc4 35. bxc4 Kg8 36. Bc7 Nxd4 37. Nxf8 Kxf8 38. Bxb6 Ne2+ 39. Kf2 Nc3 40. Bxa5 Nxa4 41. Ke3 Ke7 42. Kd4 Ke6 43. c5 Nb2 44. Bc3 Nd1 45. Bd2 Nb2 46. Kc3 Nd1+ 47. Kc4 Nb2+ 48. Kb5 Kd7 49. c6+ Kc8 50. Kc5 Nd3+ 51. Kd6 Ne5 52. Kd5 Nd3 53. Ke6 g5 54. h5 g4 55. Kxf6 gxf3 56. gxf3 Kc7 57. Kg7 Kxc6 58. Kxh7 1-0

[Event "Nis"]
[Site "Nis YUG"]
[Date "1979.10.31"]
[Round "1"]
[White "Ermenkov, Evgenij P"]
[Black "Vukic, Milan"]
[Result "1/2-1/2"]
[WhiteElo "2495"]
[BlackElo "2485"]
[PlyCount "29"]
[EventDate "1979.11.??"]
[Source "www.chesslib.no"]
[SourceDate "2004.05.04"]

1. e4 c6 2. d4 d5 3. exd5 cxd5 4. Bd3 Nc6 5. c3 Nf6 6. Bf4 Bg4 7. Qb3 Qc8 8. Nd2 e6 9. Ngf3 Be7 10. O-O O-O 11. Rfe1 Bh5 12. Ne5 Bd6 13. Nf1 Qc7 14. Ng3 Rfc8 15. h3 1/2-1/2

[Event "Hotel Irottko GM"]
[Site "?"]
[Date "2000.??.??"]
[Round "4"]
[White "Bokros Albert"]
[Black "Ruck Robert"]
[Result "1/2-1/2"]
[WhiteElo "2505"]
[BlackElo "2472"]
[PlyCount "29"]
[EventDate "2000.??.??"]
[Source "www.chesslib.no"]
[SourceDate "2004.05.04"]

1. e4 c6 2. d4 d5 3. exd5 cxd5 4. Bd3 Nc6 5. c3 Nf6 6. Bf4 Bg4 7. Qb3 Qd7 8. Nd2 e6 9. Ngf3 Bxf3 10. Nxf3 Bd6 11. Bxd6 Qxd6 12. Qxb7 Rb8 13. Qa6 O-O 14. Rb1 Rb6 15. Qa4 1/2-1/2

[Event "After GP Mladi"]
[Site "Olomouc"]
[Date "1997.??.??"]
[Round "10"]
[White "Mokry, Karel"]
[Black "Polak, Tomas"]
[Result "1/2-1/2"]
[WhiteElo "2500"]
[BlackElo "2470"]
[PlyCount "24"]
[EventDate "1997.08.05"]
[Source "ChessBase"]
[SourceDate "1997.11.23"]

1. e4 c6 2. d4 d5 3. exd5 cxd5 4. Bd3 Nc6 5. c3 Nf6 6. Bf4 Bg4 7. Qb3 Qd7 8. Nd2 e6 9. Ngf3 Bxf3 10. Nxf3 Bd6 11. Bxd6 Qxd6 12. O-O O-O 1/2-1/2

[Event "DSV-Turnier"]
[Site "Halle GER"]
[Date "1978.??.??"]
[Round "1"]
[White "Giorgadze, Tamaz"]
[Black "Meduna, Eduard"]
[Result "1/2-1/2"]
[WhiteElo "2535"]
[BlackElo "2435"]
[PlyCount "145"]
[EventDate "1978.11.05"]
[Source "www.chesslib.no"]
[SourceDate "2004.05.04"]

1. e4 c6 2. d4 d5 3. exd5 cxd5 4. Bd3 Nc6 5. c3 Nf6 6. Bf4 Bg4 7. Qb3 Qc8 8. Nd2 e6 9. Ngf3 Be7 10. O-O O-O 11. Rfe1 Bh5 12. Ne5 Nxe5 13. Bxe5 a6 14. c4 Qd7 15. c5 Ng4 16. Nf3 f6 17. Bg3 Nh6 18. Qb6 Bf7 19. Qc7 Qxc7 20. Bxc7 Rfc8 21. Bg3 e5 22. dxe5 Bxc5 23. Rac1 Bb4 24. Red1 Bh5 25. exf6 gxf6 26. Bc2 Bf7 27. h3 Bc5 28. Bf4 Bf8 29. Nd4 Kg7 30. Bb3 Bc5 31. Nf3 Nf5 32. Bxd5 Bd6 33. Bxb7 Rxc1 34. Bxc1 Rd8 35. Kh1 Bxa2 36. Bxa6 Bb3 37. Rf1 Bc5 38. Nd2 Bd5 39. Be2 Nh4 40. Nf3 Bxf3 41. Bxf3 Nxf3 42. gxf3 Rb8 43. Rd1 Bxf2 44. Kg2 Bc5 45. Rd5 Be7 46. Kf1 f5 47. Bf4 Rb7 48. Rd3 Kf7 49. b3 Ra7 50. Bd2 Ra1+ 51. Ke2 Rh1 52. f4 Rb1 53. Ba5 Ke6 54. Bc7 Bb4 55. Be5 Re1+ 56. Kf3 Rb1 57. Kg2 Bc5 58. Kg3 Be7 59. Kf3 Bb4 60. Bb8 Rb2 61. Re3+ Kf7 62. Be5 Rb1 63. Ke2 h6 64. Rg3 Ke6 65. Bg7 h5 66. Re3+ Kf7 67. Be5 Kg6 68. Rg3+ Kf7 69. Rg7+ Ke6 70. Kd3 Be7 71. Kc2 Rh1 72. Rg3 Bb4 73. Re3 1/2-1/2

[Event "Samara (Russia)"]
[Site "?"]
[Date "2004.03.05"]
[Round "4"]
[White "Chebotarev Oleg"]
[Black "Bachin Vitaly"]
[Result "1-0"]
[WhiteElo "2486"]
[BlackElo "2483"]
[PlyCount "89"]
[EventDate "2004.??.??"]
[Source "www.chesslib.no"]
[SourceDate "2004.05.04"]

1. e4 c6 2. d4 d5 3. exd5 cxd5 4. Bd3 Nc6 5. c3 Nf6 6. Bf4 g6 7. Qc2 Bd7 8. Nf3 Rc8 9. Qe2 Nh5 10. Bd2 Bg7 11. Ne5 Qc7 12. f4 Nf6 13. Be3 Bf5 14. Bxf5 gxf5 15. Nd2 e6 16. O-O-O a6 17. Kb1 b5 18. g4 Nxe5 19. fxe5 Nxg4 20. Bf4 Bf8 21. Rhg1 Rg8 22. h3 Nh6 23. Qe3 Rxg1 24. Rxg1 b4 25. Bxh6 bxc3 26. Rg8 Kd7 27. Rxf8 Rxf8 28. Bxf8 cxd2 29. Qxd2 Qc4 30. b3 Qf1+ 31. Kb2 f4 32. Qb4 Qg2+ 33. Ka3 Qg5 34. Qb7+ Kd8 35. Qxf7 f3 36. Qxf3 Qc1+ 37. Ka4 Qc6+ 38. Kb4 Kc8 39. Bc5 Qb5+ 40. Kc3 Qa5+ 41. Kd3 Qxa2 42. Qf8+ Kb7 43. Qe7+ Kb8 44. Qd8+ Kb7 45. Qd7+ 1-0

[Event "15. European Team Championship"]
[Site "?"]
[Date "2005.08.01"]
[Round "3.18"]
[White "Bakalarz Mieczyslaw"]
[Black "Johannessen Leif Erlend"]
[Result "1/2-1/2"]
[WhiteElo "2423"]
[BlackElo "2543"]
[PlyCount "124"]
[EventDate "2005.??.??"]
[Source "www.chesslib.no"]
[SourceDate "2004.05.04"]

1. e4 c6 2. d4 d5 3. exd5 cxd5 4. Bd3 Nc6 5. c3 Nf6 6. Bf4 Bg4 7. Qb3 Qd7 8. Nd2 e6 9. Ngf3 Bxf3 10. Nxf3 Bd6 11. Bxd6 Qxd6 12. O-O O-O 13. Rae1 Rab8 14. a4 a6 15. Ne5 b5 16. axb5 axb5 17. f4 b4 18. Qd1 bxc3 19. bxc3 Ne7 20. Re3 Rfc8 21. Rh3 Ng6 22. Qe1 Rc7 23. g4 Rbc8 24. g5 Nd7 25. Rxh7 Ndxe5 26. fxe5 Qe7 27. Bxg6 Qxg5+ 28. Kh1 Qxg6 29. Rh3 Qe4+ 30. Qxe4 dxe4 31. Re3 Rxc3 32. Rxe4 Rd3 33. Ref4 Rc7 34. R1f3 Rd2 35. Rf2 Rd1+ 36. Rf1 Rxf1+ 37. Rxf1 Rc2 38. Rd1 Re2 39. Kg1 Kh7 40. Rd3 g5 41. d5 exd5 42. Rxd5 Kg6 43. Rd6+ Kg7 44. h4 gxh4 45. Rd4 h3 46. Rg4+ Kf8 47. Rh4 Re3 48. Kh2 Ke7 49. Rh6 Rf3 50. Ra6 Rd3 51. Rh6 Re3 52. Ra6 Rxe5 53. Kxh3 Rg5 54. Kh4 Rg1 55. Rb6 Kf8 56. Rb5 Ke7 57. Rb6 f6 58. Ra6 Kf7 59. Rb6 Kg6 60. Rb5 f5 61. Rb6+ Kf7 62. Ra6 Rg4+ 1/2-1/2